000 00268nam a22001337a 4500
020 _a81-713-0259-9
082 _a894.812.3
_bBAS/S
245 _aSARPPAYANJAM
260 _aKOTTAYAM
_bDC BOOKS
_c2005
300 _a52
520 _aNOVEL
650 _aNOVEL
942 _cBK
999 _c4718
_d4718